RHCP - Discography - Statistics

General Stats
  • This quiz has been taken 47 times
  • The average score is 10 of 13
Answer Stats
Year of Release Album Title % Correct
2006 Stadium Arcadium
95%
1991 Blood Sugar Sex Magik
93%
1999 Californication
93%
2002 By the Way
90%
1989 Mother's Milk
86%
1995 One Hot Minute
83%
1984 Red Hot Chili Peppers
83%
2016 The Getaway
81%
2022 Unlimited Love
71%
2011 I'm with You
67%
1985 Freaky Styley
60%
2022 Return of the Dream Canteen
55%
1987 The Uplift Mofo Party Plan
55%
No matching quizzes found
Score Distribution
Percent of People with Each Score
Percentile by Number Answered
Your Score History
You have not taken this quiz